capital to country flag - Statistics

General Stats
  • This quiz has been taken 15 times
  • The average score is 13 of 16
Answer Stats
Picture Answer % Correct
Mogadishu
93%
Montevideo
93%
Valletta
93%
Chisinău
87%
Taipei
87%
Zagreb
87%
Belmopan
80%
Castries
80%
Suva
80%
Vientiane
80%
Apia
73%
Muscat
73%
Praia
73%
Tashkent
73%
Windhoek
73%
Malabo
67%
No matching quizzes found
Score Distribution
Percent of People with Each Score
Percentile by Number Answered
Your Score History
You have not taken this quiz